Landschaften agrarisch-ökonomischen Wissens. - Münster [u.a.] : Waxmann. - 2010 [Rezension]

Titel: Landschaften agrarisch-ökonomischen Wissens. - Münster [u.a.] : Waxmann. - 2010 [Rezension]
Verfasser:
In: Vierteljahrschrift für Sozial- und Wirtschaftsgeschichte, Band 98, Heft 4 (2011), Seite 485-486
alle Artikel anzeigen
Veröffentlicht: 2011
Format: Aufsatz
Sprache: Deutsch
Kein Bild verfügbar
X
alg: 39506776
001A    $01999:12-11-16 
001B    $01999:01-06-17 $t18:19:02.000 
001D    $01999:12-11-16 
001U    $0utf8 
001X    $00 
002@    $0Aox 
003@    $0395067766 
007A    $0395067766 $aHEB 
007T    $0Herdc0083462m 
010@    $ager 
011@    $a2011 
021A    $aLandschaften agrarisch-ökonomischen Wissens. - Münster {[u.a.] : Waxmann. -  2010 [Rezension] 
028A    $aRösener $dWerner 
031A    $d98 $e4 $h485-486 $j2011 
039B    $aIn $8--Abvc--. Vierteljahrschrift für Sozial- und Wirtschaftsgeschichte. - Stuttgart : Steiner, 1903-. - ISSN 0042-5699 $x201100000980004515 $9047251867 
039T    $8--Aau--. Landschaften agrarisch-ökonomischen Wissens. - Münster {[u.a.] : Waxmann, 2010. - 384 S.. - Ill., graph. Darst.. - ISBN 978-3-8309-1904-9 $9207145229 

lok: 39506776 78

exp: 39506776 78 1 #EPN
201B/01 $018-11-16 $t13:38:57.000 
201U/01 $0utf8 
203@/01 $0791366405 
208@/01 $a12-11-16 $be 
209A/01 $a/ $f000 $x00 
220C/01 $aTitelaufnehmer: pg 
220C/01 $aHerkunft: HI Marburg 
244Z/01 $2Trx $#arvustused $#recenzijos $#Reviews $#recenziók $#recenzje $#recenzie $#recenze $8--Trx--Rezensionen $x01 $9391357441 
247C/01 $82080>Marburg/Lahn, Herder-Institut, Forschungsbibliothek, Bibliographieportal $9336309341
LEADER 00000caa a22000002c 4500
001 395067766
003 DE-603
005 20170601181902.0
007 tu
008 161112s2011 xx |||| | u00||u|ger c
035 |a (DE-599)HEB395067766 
040 |a DE-603  |b ger  |c DE-603  |d DE-603 
041 |a ger 
100 1 |a Rösener, Werner 
245 0 0 |a Landschaften agrarisch-ökonomischen Wissens. - Münster ˜[u.a.] œ: Waxmann. - 2010 [Rezension] 
264 0 |c 2011 
773 0 8 |i In  |t Vierteljahrschrift für Sozial- und Wirtschaftsgeschichte  |d Stuttgart : Steiner, 1903-  |x 0042-5699  |g Band 98, Heft 4 (2011), Seite 485-486  |w (DE-603)047251867  |w (DE-600)200400-8 
787 0 8 |i Rezension von  |t Landschaften agrarisch-ökonomischen Wissens  |d Münster ˜[u.a.] œ: Waxmann, 2010  |h 384 S., Ill., graph. Darst.  |z 9783830919049  |w (DE-603)207145229 
924 0 |9 2080  |a (DE-603)791366405  |b DE-2080  |c HES  |d d  |g /